000 00572nam a2200193Ia 4500
003 IN-BaIIA
008 211028s9999 xx 000 0 eng d
020 _a3-540-61552-0
040 _cIIA Library
080 _a048.1:52
_b64A
100 _aBurkhardt, G.
245 0 _aAstronomy and Astrophysics Abstracts
_bvol. 64A, pt. 2
_cBurkhardt, G., Esser, U. and Hefele, H.
260 _aBerlin
_bSpringer-Verlag
_c1996
300 _ax, 703p
650 _aAstronomy and Astrophysics Abstracts
_96052
700 _aEsser, U.
_99455
700 _aHefele, H.
_99915
942 _cBK
999 _c12043
_d12043